| 000 | 00339nam a22001337a 4500 | ||
|---|---|---|---|
| 020 | _a0-87909-769-8 | ||
| 082 | _a621.3815 ROB'S | ||
| 100 |
_aROBINSON, V _978360 |
||
| 245 | _aSOLID STATE CIRCUIT ANALYSIS | ||
| 260 |
_aVIRGINIA _bRESTON _c1975 |
||
| 300 | _a372P | ||
| 650 |
_aELECTRONICS SEMICONDUCTORS TRANSISTORS _978361 |
||
| 942 | _cBK | ||
| 999 |
_c583496 _d583496 |
||